01634nam a22003974a 4500001001200000003000800012006001900020007001500039008004100054010001700095020003600112020003500148040002100183035002100204050002600225082002100251245015200272260005600424300002200480504006600502533015200568650003500720650002500755650004200780650003200822650002100854650003400875650002400909651005000933651004000983655002901023700002001052700002101072710001701093856012601110ebr10058586CaPaEBRm u cr cn|||||||||000912s2001 caub sb 001 0 eng  z 00047947  z0520228510 (cloth : alk. paper) z0520228529 (pbk. : alk. paper) aCaPaEBRcCaPaEBR a(OCoLC)22806429614aGN564.A47bG45 2001eb04a305.3/0981/122100aGender in Amazonia and Melanesiah[electronic resource] :ban exploration of the comparative method /cedited by Thomas A. Gregor and Donald Tuzin. aBerkeley :bUniversity of California Press,cc2001. ax, 392 p. :bmap. aIncludes bibliographical references (p. 345-376) and indexes. aElectronic reproduction.bPalo Alto, Calif. :cebrary,d2013.nAvailable via World Wide Web.nAccess may be limited to ebrary affiliated libraries. 0aSex rolezAmazon River Region. 0aSex rolezMelanesia. 0aGender identityzAmazon River Region. 0aGender identityzMelanesia. 0aSex differences. 0aKinshipzAmazon River Region. 0aKinshipzMelanesia. 0aAmazon River RegionxSocial life and customs. 0aMelanesiaxSocial life and customs. 7aElectronic books.2local1 aGregor, Thomas.1 aTuzin, Donald F.2 aebrary, Inc.40uhttp://site.ebrary.com/lib/rucke/Doc?id=10058586zAn electronic book accessible through the World Wide Web; click to view